Diccionario de ideas afines

Furkejuvvon:
Bibliográfalaš dieđut
Váldodahkki: Corripio, Fernando (autor)
Materiálatiipa: Girji
Giella:espánnjágiella
Almmustuhtton: Barcelona, España: Herder, 1991.
Preanttus:Tercera edición.
Fáttát:
Fáddágilkorat: Lasit fáddágilkoriid
Eai fáddágilkorat, Lasit vuosttaš fáddágilkora!

MARC

LEADER 00000nam a22000007a 4500
003 CL-VaPUC
005 20241216163753.0
008 241205t1991 ||||| |||| 00| 0 spa d
999 |c 446123  |d 446121 
020 |a 84-254-1515-2 
040 |c Pontificia Universidad Católica de Valparaíso 
082 |2 22  |a 463.12 COR 1991 
100 |9 543073  |a Corripio, Fernando  |e autor 
245 |a Diccionario de ideas afines 
250 |a Tercera edición. 
260 |a Barcelona, España:  |b Herder,  |c 1991. 
300 |a 912 páginas. 
500 |a c.1: Donación P.I.I.E. 2-12-2024. 
583 |c 20241205  |k Yessy Sthefany Diaz Vidal 
650 0 |9 309143  |a Idioma español  |v Diccionarios ideológicos  |x Ciencia, religión, etc. 
650 0 |9 309143  |a Idioma español  |x Sinónimos y antónimos 
650 0 |9 890126  |a Spanish language  |v Dictionaries  |x Synonyms and antonyms 
942 |2 ddc  |c BK 
952 |0 0  |1 0  |2 ddc  |4 0  |6 463_120000000000000_COR_1991  |7 0  |8 A  |9 598498  |a BIBGIM  |b BIBGIM  |d 2024-12-05  |e Donación  |i 5663512  |o 463.12 COR 1991  |p 5663512  |r 2025-01-15  |t 1  |w 2024-12-05  |y BK  |k ELE